000
00326nam a22001457a 4500
008
210609b ||||| |||| 00| 0 eng d
020
_a
9781439050378
041
_a
eng
080
_2
7th
_a
54
082
_a
54
100
_a
12
101
_a
KIM
245
_a
Fundamentals of Organic Chemistry
_c
Murry,J.M
942
_2
udc
_c
BK
999
_c
58095
_d
58095